000 00325nam a22001457a 4500
008 210312b ||||| |||| 00| 0 eng d
020 _a9780130417121
041 _aeng
080 _22nd
_a640.73
082 _a610.73
100 _a1
101 _aINF
245 _aStudent Nurse Handbook
_cTwiname, B, G
942 _2udc
_cBK
999 _c56512
_d56512